000 nam a22 a 4500
999 _c3235
_d3235
005 20170522092404.0
008 170522b2008 mau||||| |||| 00| 0 eng d
020 _a9780071259347
040 _aAKMAL
082 _a658.31245 NOE
090 _a658.31245
_bNOE
100 _aNoe, Raymond A.
_96636
245 _aEmployee training and development /
_cRaymond A. Noe.
250 _aInternational ed., 4th ed.
260 _aBoston
_aLondon
_bMcGraw-Hill
_c2008.
300 _axv, 536 p.
_bill.
_c24cm
500 _aPrevious ed.: Boston, Mass.; London: McGraw-Hill, 2005.
504 _aIncludes bibliographical references and indexes.
650 _aEmployees
_xTraining of.
_93413
942 _2ddc
_cBOOK